| 000 | 00359nam a2200145Ia 4500 | ||
|---|---|---|---|
| 005 | 20250320133727.0 | ||
| 008 | 240331s9999 xx 000 0 und d | ||
| 082 |
_bNIR _a894 |
||
| 100 | _aNirmala, S | ||
| 245 | 0 | _aThamil nadaka nadikaiyar | |
| 260 |
_aChennai _bKaavya _c2003 |
||
| 300 | _a289 p ., | ||
| 500 | _aA book of Tamil Nadaga Varalaaru | ||
| 942 | _cL | ||
| 999 |
_c3792 _d3792 |
||